| 000 | 00893nam a2200205 i 4500 | ||
|---|---|---|---|
| 001 | 157651 | ||
| 003 | ES-MaACL | ||
| 005 | 20230906210801.0 | ||
| 008 | 981214s1858 fr |||| | fre d | ||
| 040 |
_aCCPB | B _bspa _cCCPB | B |
||
| 100 | 0 |
_aLevasseur, Emile. _971915 |
|
| 245 | 1 | 3 |
_aLa question de l'or _b: les mines de Californie et d'Australie : les anciennes mines d'or et d'argent : leur production : la distribution et l'emploi des métaux précieux : l'influence des nouvelles mines d'or sur la société : leur avenir : les problèmes qu'elles soulèvent : les réformes qu'elles provoquent / _cpar E. Levasseur. |
| 260 |
_aParis : _bLibrairie de Guillaumin et Cie, _c1858. |
||
| 300 |
_aVII, 357 p. ; _c23 cm. |
||
| 597 | _aAntep. | ||
| 650 | 4 |
_aOro. _9136638 |
|
| 650 | 4 |
_aPlata. _9136718 |
|
| 650 | 4 |
_aMetales preciosos. _9159046 |
|
| 852 |
_aES-MaACL _jB-127 _z-- Enc. tela |
||
| 999 |
_c157651 _d157651 |
||